LDR 00983naa#a2200181#i#450# 001 RU\INFRA-M\bibl\122741 005 20260703203825.5 011 ## _a2500-333X 100 ## _a20260618b2026####ek#y0rusy0150####ca 102 ## _aRU 200 1# _aПодходы борьбы с преступностью с использованием современных технологий в уголовном праве _eЖурнальная статья 210 1# _aМосква _cОбщество с ограниченной ответственностью «Научно-издательский центр ИНФРА-М» _d2026 215 ## _a7 с. 608 ## _aЖурнальная статья _2local 675 ## _aУголовное право. Уголовное судопроизводство. Криминология. Криминалистика. 343 _aПраво. Юридические науки. 34 _z 700 #1 _aКоротченков _gД. А. 700 #1 _aПак _gЗ. А. 856 4# _azh-szf.ru _u